[Event "Southwest op 65th"]
[Site "Houston"]
[Date "1999.09.04"]
[Round "2"]
[White "McGrail, Brian K"]
[Black "Crawford, John S"]
[Result "0-1"]
[WhiteElo "1409"]
[BlackElo "2031"]
[PlyCount "78"]
[EventDate "1999.09.??"]
[EventType "swiss"]
[EventRounds "6"]
[EventCountry "USA"]
[SourceTitle "EXT 2001"]
[Source "ChessBase"]
[SourceDate "2000.11.22"]
[SourceVersion "1"]
[SourceVersionDate "2000.11.22"]
[SourceQuality "1"]

1. d4 Nf6 2. c4 g6 3. Nc3 Bg7 4. Nf3 0-0 5. Bf4 d6 6. h3 c6 7. e3 Qa5 8. Qd2 Na6 9. Bd3 Nb4 10. Bb1 Rd8 11. Bh2 Qh5 12. a3 Na6 13. Bd3 b6 14. Be2 Qa5 15. 0-0 Nc7 16. b4 Qa6 17. Qc2 Qb7 18. Bd3 a5 19. Nd2 Ne6 20. f4 Ra7 21. Nce4 Qa8 22. Nxf6+ Bxf6 23. Ne4 axb4 24. Nxf6+ exf6 25. a4 f5 26. Bg3 Nc7 27. Bh4 Re8 28. Rfe1 d5 29. Bf6 Re6 30. Be5 Bd7 31. Bxc7 Rxc7 32. cxd5 Rd6 33. Reb1 Qa5 34. Qb3 cxd5 35. Kh2 Rc3 36. Qd1 Re6 37. Qd2 Bxa4 38. Bc2 Rxc2 39. Qxc2 Bxc2 0-1